Xác định hàm lượng Nitrat trong nước bằng thuốc thử Phenol Di Sulfonic Luận văn tốt nghiệp Đại học sư phạm ngành Hóa Khóa 19
Đã lưu trong:
| Príomhúdar: | |
|---|---|
| Formáid: | Leabhar |
| Teanga: | Undetermined |
| Foilsithe: |
Cần Thơ
Trường Đại Học Cần Thơ, khoa Sư phạm, Bộ môn Hóa
1997
|
| Ábhair: | |
| Clibeanna: |
Cuir Clib Leis
Gan Chlibeanna, Bí ar an gcéad duine leis an taifead seo a chlibeáil!
|
| Thư viện lưu trữ: | Trung tâm Học liệu Trường Đại học Cần Thơ |
|---|
| LEADER | 00757nam a2200193Ia 4500 | ||
|---|---|---|---|
| 001 | CTU_19001 | ||
| 008 | 210402s9999 xx 000 0 und d | ||
| 082 | |a 543 | ||
| 082 | |b Ch300/1997 | ||
| 100 | |a Châu Nguyễn Lan Chi | ||
| 245 | 0 | |a Xác định hàm lượng Nitrat trong nước bằng thuốc thử Phenol Di Sulfonic | |
| 245 | 0 | |b Luận văn tốt nghiệp Đại học sư phạm ngành Hóa Khóa 19 | |
| 245 | 0 | |c Châu Nguyễn Lan Chi | |
| 260 | |a Cần Thơ | ||
| 260 | |b Trường Đại Học Cần Thơ, khoa Sư phạm, Bộ môn Hóa | ||
| 260 | |c 1997 | ||
| 650 | |a chemistry, analytic | ||
| 904 | |i Huỳnh Thị Trang, 971004 | ||
| 980 | |a Trung tâm Học liệu Trường Đại học Cần Thơ | ||